[Event "CFriend CP-2005-P-00011"]
[Site "Chessfriend.com"]
[Date "2005.10.01"]
[Round "1"]
[White "Certoux, Jean Marie"]
[Black "Prestage, George C"]
[Result "1-0"]
[WhiteElo "1330"]
[BlackElo "1774"]
[PlyCount "31"]
[EventDate "2005.??.??"]
[EventType "tourn (corr)"]
[EventRounds "3"]
[SourceTitle "Corr 2008"]
[Source "ChessBase"]
[SourceDate "2008.06.24"]
[SourceVersion "1"]
[SourceVersionDate "2008.06.24"]
[SourceQuality "1"]

1. e4 e5 2. Nf3 Nc6 3. d4 exd4 4. Nxd4 Bc5 5. Be3 Qf6 6. c3 Nge7 7. Bb5 d6 8. 0-0 0-0 9. Nxc6 bxc6 10. Bxc6 Nxc6 11. Qd5 Ba6 12. Qxc6 Bxf1 13. Bxc5 Qg5 14. Kxf1 Qc1+ 15. Ke2 dxc5 16. Qxc5 1-0

[Event "CFriend RI-2005-0-00036 email"]
[Site "Chessfriend.com"]
[Date "2005.07.19"]
[Round "1"]
[White "Pott, Brian"]
[Black "Prestage, George C"]
[Result "1-0"]
[WhiteElo "1814"]
[BlackElo "1774"]
[PlyCount "57"]
[EventDate "2005.07.19"]
[EventType "tourn (corr)"]
[EventRounds "6"]
[SourceTitle "Corr 2008"]
[Source "ChessBase"]
[SourceDate "2008.06.24"]
[SourceVersion "1"]
[SourceVersionDate "2008.06.24"]
[SourceQuality "1"]

1. c4 e5 2. Nc3 Qh4 3. Nf3 Qxc4 4. Nxe5 Qe6 5. d4 Nc6 6. Nb5 Bd6 7. Nd3 Qe7 8. a3 Nf6 9. Bg5 a6 10. Nxd6+ Qxd6 11. e3 h6 12. Bh4 Qe7 13. Be2 d6 14. 0-0 Bd7 15. d5 Nd8 16. Rc1 g5 17. Bg3 Nxd5 18. Bf3 Bc6 19. Re1 0-0 20. e4 Nb6 21. Bg4 Bb5 22. e5 Ne6 23. exd6 cxd6 24. Nb4 Rad8 25. b3 Qf6 26. a4 Bd7 27. a5 Nc8 28. Nd5 Qg6 29. Rxc8 1-0

[Event "CFriend RI-2005-0-00036 email"]
[Site "Chessfriend.com"]
[Date "2005.07.19"]
[Round "1"]
[White "Prestage, George C"]
[Black "Prieto, Carlos"]
[Result "0-1"]
[WhiteElo "1774"]
[BlackElo "1897"]
[PlyCount "56"]
[EventDate "2005.07.19"]
[EventType "tourn (corr)"]
[EventRounds "6"]
[SourceTitle "Corr 2008"]
[Source "ChessBase"]
[SourceDate "2008.06.24"]
[SourceVersion "1"]
[SourceVersionDate "2008.06.24"]
[SourceQuality "1"]

1. d4 d5 2. h3 Nf6 3. c3 e6 4. Bg5 c5 5. e3 Bd6 6. Nf3 0-0 7. Bd3 c4 8. Bc2 h6 9. Bxf6 Qxf6 10. Nbd2 Nc6 11. e4 Bc7 12. 0-0 b5 13. e5 Qe7 14. b4 a5 15. a3 Bb7 16. Qe2 f6 17. Nh4 fxe5 18. Ng6 Qf6 19. Nxf8 Rxf8 20. Nf3 e4 21. Nh2 e5 22. f3 e3 23. Ng4 Qf4 24. Qxe3 exd4 25. Qxf4 Bxf4 26. Rfd1 h5 27. Nf2 dxc3 28. bxa5 Nxa5 0-1

[Event "CFriend WC-2004-F-00010"]
[Site "Chessfriend.com"]
[Date "2005.05.16"]
[Round "1"]
[White "Biardi, Giacomo"]
[Black "Prestage, George C"]
[Result "1/2-1/2"]
[WhiteElo "1733"]
[BlackElo "1774"]
[PlyCount "45"]
[EventDate "2005.??.??"]
[EventType "tourn (corr)"]
[EventRounds "6"]
[SourceTitle "Corr 2008"]
[Source "ChessBase"]
[SourceDate "2008.06.24"]
[SourceVersion "1"]
[SourceVersionDate "2008.06.24"]
[SourceQuality "1"]

1. d4 Nf6 2. c4 e6 3. Nf3 b6 4. g3 Ba6 5. b3 Bb4+ 6. Bd2 Be7 7. Bg2 c6 8. 0-0 d5 9. Qc2 Nbd7 10. Re1 0-0 11. a4 Rc8 12. a5 b5 13. c5 Ne4 14. b4 f5 15. Be3 Bf6 16. Nc3 Qe8 17. h4 e5 18. Bh3 Nxc3 19. Qxc3 e4 20. Nh2 Qg6 21. Bg2 Rce8 22. Bf4 Bd8 23. e3 1/2-1/2

[Event "CFriend WC-2004-F-00010"]
[Site "Chessfriend.com"]
[Date "2005.05.16"]
[Round "1"]
[White "Prestage, George C"]
[Black "Chovanec, Vladimir"]
[Result "0-1"]
[WhiteElo "1774"]
[BlackElo "1895"]
[PlyCount "48"]
[EventDate "2005.??.??"]
[EventType "tourn (corr)"]
[EventRounds "6"]
[SourceTitle "Corr 2008"]
[Source "ChessBase"]
[SourceDate "2008.06.24"]
[SourceVersion "1"]
[SourceVersionDate "2008.06.24"]
[SourceQuality "1"]

1. d4 Nf6 2. c4 g6 3. Nc3 d5 4. cxd5 Nxd5 5. e4 Nxc3 6. bxc3 Bg7 7. Nf3 c5 8. Bb5+ Nc6 9. 0-0 0-0 10. d5 Qa5 11. Rb1 Ne5 12. Nxe5 Bxe5 13. Be3 a6 14. Be2 b5 15. c4 b4 16. f4 Bg7 17. Bd3 Rb8 18. Qc2 Bd7 19. f5 Qc7 20. Qf2 Rbc8 21. Qh4 Bf6 22. Qh3 a5 23. Rf3 a4 24. fxg6 Bxh3 0-1

[Event "CFriend WC-2004-F-00010"]
[Site "Chessfriend.com"]
[Date "2005.05.16"]
[Round "1"]
[White "Prestage, George C"]
[Black "Starace, Umberto"]
[Result "1/2-1/2"]
[WhiteElo "1774"]
[BlackElo "1960"]
[PlyCount "82"]
[EventDate "2005.??.??"]
[EventType "tourn (corr)"]
[EventRounds "6"]
[SourceTitle "Corr 2008"]
[Source "ChessBase"]
[SourceDate "2008.06.24"]
[SourceVersion "1"]
[SourceVersionDate "2008.06.24"]
[SourceQuality "1"]

1. d4 Nf6 2. c4 e6 3. Nc3 d5 4. cxd5 exd5 5. Bg5 Be7 6. e3 0-0 7. Bd3 Nbd7 8. Nf3 c6 9. Qc2 Re8 10. 0-0 Nf8 11. a3 a5 12. Ne5 Ng4 13. Bxe7 Qxe7 14. Nf3 Nf6 15. Na4 Ne4 16. Nb6 Rb8 17. Bxe4 dxe4 18. Ne5 Be6 19. Qc5 Qxc5 20. dxc5 Bb3 21. Nec4 Ne6 22. Nxa5 Nxc5 23. Rfc1 Na4 24. Nbc4 Bxc4 25. Rxc4 Nxb2 26. Rb4 Nd3 27. Rxb7 Rxb7 28. Nxb7 Ra8 29. a4 Kf8 30. Nd6 Nc5 31. a5 Ke7 32. Nf5+ Kf6 33. Nd4 Ra6 34. Kf1 Ke5 35. Ke2 f5 36. f4+ Kf6 37. Kd2 g6 38. h3 Nd3 39. g4 c5 40. Ne2 Nb4 41. gxf5 gxf5 1/2-1/2

[Event "CFriend WC-2004-F-00010"]
[Site "Chessfriend.com"]
[Date "2005.05.16"]
[Round "1"]
[White "Prieto, Carlos"]
[Black "Prestage, George C"]
[Result "1-0"]
[WhiteElo "1897"]
[BlackElo "1774"]
[PlyCount "93"]
[EventDate "2005.??.??"]
[EventType "tourn (corr)"]
[EventRounds "6"]
[SourceTitle "Corr 2008"]
[Source "ChessBase"]
[SourceDate "2008.06.24"]
[SourceVersion "1"]
[SourceVersionDate "2008.06.24"]
[SourceQuality "1"]

1. e4 c5 2. Nf3 d6 3. Bd3 Nc6 4. c3 Nf6 5. Bc2 Bg4 6. d3 e6 7. Nbd2 Be7 8. h3 Bh5 9. Nf1 d5 10. Ng3 Bg6 11. Bf4 Qb6 12. 0-0 dxe4 13. dxe4 Rd8 14. Qc1 0-0 15. b3 Qa5 16. Re1 Nh5 17. Nxh5 Bxh5 18. Bd1 Rd7 19. a3 Rfd8 20. b4 Qb6 21. Be2 Bxf3 22. Bxf3 Bh4 23. g3 Be7 24. Be2 a6 25. Rb1 Qa7 26. Bf3 cxb4 27. axb4 b5 28. Bg2 Rd3 29. e5 Qb6 30. Be4 R3d7 31. Qc2 h6 32. Be3 Qc7 33. f4 h5 34. Qf2 h4 35. Bb6 hxg3 36. Qe3 Qc8 37. Bxd8 Nxd8 38. Qxg3 Rd2 39. Rbd1 Rb2 40. Re3 Qc7 41. Red3 Re2 42. Rd7 Qb6+ 43. Kf1 Rxe4 44. Rxe7 Kf8 45. Red7 Nc6 46. Qg5 Kg8 47. Rd8+ 1-0

[Event "CFriend WC-2004-F-00010"]
[Site "Chessfriend.com"]
[Date "2005.05.16"]
[Round "1"]
[White "Zednik, Martin"]
[Black "Prestage, George C"]
[Result "1-0"]
[WhiteElo "1792"]
[BlackElo "1774"]
[PlyCount "45"]
[EventDate "2005.??.??"]
[EventType "tourn (corr)"]
[EventRounds "6"]
[SourceTitle "Corr 2008"]
[Source "ChessBase"]
[SourceDate "2008.06.24"]
[SourceVersion "1"]
[SourceVersionDate "2008.06.24"]
[SourceQuality "1"]

1. e4 c5 2. Nf3 d6 3. d4 cxd4 4. Nxd4 Nf6 5. Nc3 a6 6. Be2 e5 7. Nb3 Be7 8. 0-0 0-0 9. f4 b5 10. a4 Bb7 11. Bf3 b4 12. Nd5 Bxd5 13. exd5 Qb6+ 14. Kh1 e4 15. Be2 Nbd7 16. g4 Nc5 17. Be3 Nfd7 18. g5 f6 19. g6 hxg6 20. Rg1 g5 21. fxg5 f5 22. Nxc5 Nxc5 23. Bh5 1-0

[Event "CFriend WC-2009-P-00016"]
[Site "Chessfriend.com"]
[Date "2005.02.28"]
[Round "1"]
[White "Gazen, Louis"]
[Black "Prestage, George C"]
[Result "1-0"]
[WhiteElo "2039"]
[BlackElo "1774"]
[PlyCount "71"]
[EventDate "2005.??.??"]
[EventType "tourn (corr)"]
[EventRounds "6"]
[SourceTitle "Corr 2008"]
[Source "ChessBase"]
[SourceDate "2008.06.24"]
[SourceVersion "1"]
[SourceVersionDate "2008.06.24"]
[SourceQuality "1"]

1. e4 c5 2. Nf3 d6 3. d4 cxd4 4. Nxd4 Nf6 5. Nc3 a6 6. Be2 e5 7. Nb3 Be7 8. Be3 Be6 9. 0-0 Nbd7 10. f4 Qc7 11. Qe1 b5 12. a3 0-0 13. Qg3 Bc4 14. Bxc4 Qxc4 15. Qh3 Rac8 16. Rad1 Rfe8 17. fxe5 Nxe5 18. Nd4 d5 19. Nf5 dxe4 20. Rd4 Qe6 21. Nxe4 Nxe4 22. Rxe4 Bf6 23. Bd4 Rxc2 24. Qg3 Kh8 25. Bc3 Qd5 26. Ree1 Qc5+ 27. Kh1 b4 28. axb4 Rxc3 29. bxc3 Qb6 30. Re4 a5 31. Rfe1 Qc7 32. bxa5 Qxa5 33. Nd6 Re7 34. Nc4 Qa7 35. Nxe5 Qc5 36. Nd7 1-0

[Event "CFriend WC-2009-P-00016"]
[Site "Chessfriend.com"]
[Date "2005.02.28"]
[Round "1"]
[White "Prestage, George C"]
[Black "Rosso, Pier Andrea"]
[Result "0-1"]
[WhiteElo "1774"]
[BlackElo "2249"]
[PlyCount "98"]
[EventDate "2005.??.??"]
[EventType "tourn (corr)"]
[EventRounds "6"]
[SourceTitle "Corr 2008"]
[Source "ChessBase"]
[SourceDate "2008.06.24"]
[SourceVersion "1"]
[SourceVersionDate "2008.06.24"]
[SourceQuality "1"]

1. e4 c5 2. Nf3 d6 3. d4 cxd4 4. Nxd4 Nf6 5. Nc3 a6 6. Be3 Ng4 7. Bg5 h6 8. Bc1 Nf6 9. Bc4 e6 10. Bb3 b5 11. 0-0 b4 12. Nce2 Nxe4 13. Nf4 Nc5 14. Qh5 Qf6 15. Ndxe6 Bxe6 16. Bxe6 Nxe6 17. Re1 g6 18. Qf3 Ra7 19. Be3 Rd7 20. Qa8 Qd8 21. Bd4 Rh7 22. Qf3 Qg5 23. Nxe6 fxe6 24. Rxe6+ Rhe7 25. Bf6 Rxe6 26. Bxg5 hxg5 27. Qa8 Rd8 28. Qd5 Re5 29. Qg8 Kd7 30. Qxg6 Nc6 31. Qh7+ Be7 32. Qh3+ Kc7 33. a3 bxa3 34. bxa3 d5 35. Rb1 Rb8 36. Ra1 Bc5 37. Qh7+ Ne7 38. Qh6 Rb6 39. Qh8 Re2 40. Qc3 Rc6 41. Qg3+ Kd8 42. Rf1 Rf6 43. Qb8+ Kd7 44. Qb7+ Ke8 45. Qb8+ Kf7 46. Qh8 Rfxf2 47. Qh5+ Kg7 48. Ra1 Rxg2+ 49. Kh1 Bd6 0-1

[Event "IECG CP.2004.P.00055 email"]
[Site "IECG email"]
[Date "2004.10.01"]
[Round "?"]
[White "Coffey, Patrick L"]
[Black "Prestage, George C"]
[Result "0-1"]
[WhiteElo "1438"]
[BlackElo "1866"]
[PlyCount "36"]
[EventDate "2004.10.01"]
[EventType "tourn (corr)"]
[EventRounds "6"]
[SourceTitle "Corr 2011"]
[Source "ChessBase"]
[SourceDate "2010.08.31"]
[SourceVersion "1"]
[SourceVersionDate "2010.08.31"]
[SourceQuality "1"]

1. e4 c5 2. Nf3 Nc6 3. d4 cxd4 4. Nxd4 Nf6 5. Nc3 d6 6. Be3 e5 7. Nxc6 bxc6 8. Be2 Be7 9. 0-0 0-0 10. Bg5 Rb8 11. Rb1 Be6 12. Qd2 d5 13. Bxf6 Bxf6 14. exd5 cxd5 15. Rfd1 d4 16. Ne4 Be7 17. b3 f5 18. Ng3 Qc7 0-1

[Event "IECG CP.2004.P.00055 email"]
[Site "IECG email"]
[Date "2004.10.01"]
[Round "?"]
[White "Prestage, George C"]
[Black "Horvath, Daniel"]
[Result "1/2-1/2"]
[WhiteElo "1866"]
[BlackElo "2138"]
[PlyCount "72"]
[EventDate "2004.10.01"]
[EventType "tourn (corr)"]
[EventRounds "6"]
[SourceTitle "Corr 2011"]
[Source "ChessBase"]
[SourceDate "2010.08.31"]
[SourceVersion "1"]
[SourceVersionDate "2010.08.31"]
[SourceQuality "1"]

1. d4 Nf6 2. Nf3 d5 3. Bf4 c5 4. e3 Qb6 5. Nc3 c4 6. Rb1 Nc6 7. Be2 e6 8. 0-0 Be7 9. a3 0-0 10. Qd2 Nh5 11. e4 Nxd4 12. Nxd4 Nxf4 13. Qxf4 Qxd4 14. Rfd1 Qf6 15. Qxf6 Bxf6 16. exd5 Bxc3 17. bxc3 exd5 18. Rxd5 Be6 19. Rd4 b6 20. Bxc4 Bxc4 21. Rxc4 Rac8 22. Rbb4 Rfe8 23. Kf1 Kf8 24. f3 h6 25. Ra4 a5 26. Kf2 f5 27. Rxc8 Rxc8 28. Rf4 Rxc3 29. Rxf5+ Ke7 30. Rb5 Rxc2+ 31. Kg3 Rc3 32. Rxb6 a4 33. Ra6 Rxa3 34. Kg4 Ra2 35. g3 Rxh2 36. Rxa4 Re2 1/2-1/2

[Event "IECG CP.2002.Q.00011 email"]
[Site "IECG email"]
[Date "2003.10.01"]
[Round "?"]
[White "Dorer, Manfred"]
[Black "Prestage, George C"]
[Result "1/2-1/2"]
[WhiteElo "2277"]
[BlackElo "1850"]
[PlyCount "77"]
[EventDate "2003.10.01"]
[EventType "tourn (corr)"]
[EventRounds "10"]
[SourceTitle "Corr 2008"]
[Source "ChessBase"]
[SourceDate "2008.06.24"]
[SourceVersion "1"]
[SourceVersionDate "2008.06.24"]
[SourceQuality "1"]

1. e4 c5 2. Nf3 Nc6 3. d4 cxd4 4. Nxd4 Nf6 5. Nc3 d6 6. Bg5 e6 7. Qd2 a6 8. 0-0-0 Bd7 9. f3 h6 10. Be3 Be7 11. g4 b5 12. h4 Nxd4 13. Bxd4 e5 14. Be3 Rc8 15. Bd3 Qa5 16. a3 g6 17. g5 hxg5 18. hxg5 Rxh1 19. Rxh1 Nh5 20. Nd5 Qxd2+ 21. Kxd2 Bd8 22. b3 Rb8 23. f4 exf4 24. Bxf4 Be6 25. Be3 Kd7 26. Rg1 Ng7 27. c4 bxc4 28. Bxc4 Ne8 29. Kc3 Nc7 30. Rh1 Nb5+ 31. Kb2 a5 32. Rd1 Nc7 33. Nb6+ Ke7 34. Rd3 Bg4 35. Rd2 Be6 36. Bd4 Ne8 37. Nd5+ Kd7 38. Be3 Nc7 39. a4 1/2-1/2

[Event "IECG CP.2002.Q.00011 email"]
[Site "IECG email"]
[Date "2003.10.01"]
[Round "?"]
[White "Prestage, George C"]
[Black "Starace, Umberto"]
[Result "0-1"]
[WhiteElo "1850"]
[BlackElo "1847"]
[PlyCount "94"]
[EventDate "2003.10.01"]
[EventType "tourn (corr)"]
[EventRounds "10"]
[SourceTitle "Corr 2008"]
[Source "ChessBase"]
[SourceDate "2008.06.24"]
[SourceVersion "1"]
[SourceVersionDate "2008.06.24"]
[SourceQuality "1"]

1. e4 c5 2. Nf3 d6 3. c3 Nf6 4. g3 Nc6 5. d3 g6 6. Bg2 Bg7 7. Nbd2 0-0 8. 0-0 b6 9. Nc4 Bb7 10. Bg5 d5 11. exd5 Nxd5 12. Re1 h6 13. Bd2 e6 14. d4 cxd4 15. Nxd4 Nxd4 16. cxd4 Rc8 17. Ne5 Qd6 18. a4 Rc7 19. Qb3 Rfc8 20. a5 Ba8 21. Be4 b5 22. Qxb5 Rb7 23. Qd3 Rxb2 24. Rad1 Qe7 25. a6 Rcb8 26. Rb1 Qc7 27. Rxb2 Rxb2 28. Bxd5 Bxd5 29. Nxg6 fxg6 30. Rc1 Qf7 31. Bf4 Qf5 32. Qxf5 gxf5 33. Be5 Rb6 34. Ra1 Bc4 35. Rc1 Bxe5 36. dxe5 Bxa6 37. f4 Bb7 38. Rc2 a5 39. Ra2 Rb5 40. Kf2 Bd5 41. Ra3 Rb2+ 42. Ke3 Rb3+ 43. Rxb3 Bxb3 44. Kd4 a4 45. Kc3 Kf7 46. Kb4 Ke7 47. h3 h5 0-1

[Event "CFriend SI-2003-0-00005 email"]
[Site "Chessfriend.com"]
[Date "2003.03.14"]
[Round "?"]
[White "Csoma, Robert"]
[Black "Prestage, George C"]
[Result "0-1"]
[WhiteElo "1512"]
[BlackElo "1808"]
[PlyCount "64"]
[EventDate "2003.03.14"]
[EventType "tourn (corr)"]
[EventRounds "10"]
[SourceTitle "Corr 2008"]
[Source "ChessBase"]
[SourceDate "2008.06.24"]
[SourceVersion "1"]
[SourceVersionDate "2008.06.24"]
[SourceQuality "1"]

1. d4 Nf6 2. c4 d5 3. cxd5 e6 4. dxe6 Bxe6 5. Nc3 Bb4 6. Nf3 Nc6 7. e3 0-0 8. Be2 Re8 9. 0-0 Qd7 10. Qc2 Bf5 11. Bd3 Bxd3 12. Qxd3 Bd6 13. e4 Nb4 14. Qb1 c5 15. e5 cxd4 16. exf6 dxc3 17. bxc3 Nd5 18. fxg7 Nxc3 19. Qb3 Rac8 20. Bb2 Qa4 21. Bxc3 Qxb3 22. axb3 Rxc3 23. Rxa7 Rxb3 24. Nd4 Bc5 25. Nxb3 Bxa7 26. Na5 b5 27. g3 Bb6 28. Nb7 b4 29. Nd6 Re2 30. Nf5 b3 31. Rc1 Bxf2+ 32. Kf1 Re1+ 0-1

[Event "IECG WC.2006.P.00002 email"]
[Site "IECG email"]
[Date "2003.01.22"]
[Round "?"]
[White "Prestage, George C"]
[Black "Schindler, Sven"]
[Result "0-1"]
[WhiteElo "1600"]
[BlackElo "1810"]
[PlyCount "116"]
[EventDate "2003.01.22"]
[EventType "tourn (corr)"]
[EventRounds "10"]
[SourceTitle "Corr 2008"]
[Source "ChessBase"]
[SourceDate "2008.06.24"]
[SourceVersion "1"]
[SourceVersionDate "2008.06.24"]
[SourceQuality "1"]

1. e4 e6 2. d4 d5 3. Nc3 Nf6 4. Bg5 Bb4 5. e5 h6 6. Bd2 Bxc3 7. bxc3 Ne4 8. Qg4 g6 9. Bd3 Nxd2 10. Kxd2 c5 11. Nf3 Bd7 12. Rab1 c4 13. Be2 Bc6 14. Rb2 Nd7 15. Ra1 Qe7 16. a3 0-0-0 17. Qg3 Rdg8 18. Ke1 g5 19. Kf1 h5 20. Nd2 h4 21. Qe3 g4 22. Ke1 f6 23. exf6 Qxf6 24. Kd1 e5 25. dxe5 Qxe5 26. Nf1 Kb8 27. Qxe5+ Nxe5 28. Ke1 Re8 29. Ne3 g3 30. hxg3 hxg3 31. Kd2 gxf2 32. Rf1 Ref8 33. Nd1 Rh2 34. Rxf2 Rxf2 35. Nxf2 Rxg2 36. Ke3 Rg1 37. Nd1 Kc7 38. Rb1 Kd6 39. Kf2 Rh1 40. Ke3 b6 41. Kd2 Bd7 42. Rb2 Bg4 43. Nf2 Rh2 44. Nxg4 Nxg4 45. Rb1 Nf6 46. Re1 Ne4+ 47. Kc1 Nxc3 48. Bf3 d4 49. Re8 Rf2 50. Bh5 Rf1+ 51. Kd2 Rh1 52. Bf3 Nb1+ 53. Ke2 Rh2+ 54. Kd1 Nxa3 55. Rd8+ Kc5 56. Rd5+ Kb4 57. Rxd4 Nxc2 58. Rd2 Rxd2+ 0-1